<?xml version="1.0" encoding="UTF-8"?><?xml-stylesheet type="text/xsl" href="static/style.xsl"?><OAI-PMH xmlns="http://www.openarchives.org/OAI/2.0/" xmlns:xsi="http://www.w3.org/2001/XMLSchema-instance" xsi:schemaLocation="http://www.openarchives.org/OAI/2.0/ http://www.openarchives.org/OAI/2.0/OAI-PMH.xsd"><responseDate>2026-04-17T17:27:20Z</responseDate><request verb="GetRecord" identifier="oai:www.recercat.cat:10230/72710" metadataPrefix="marc">https://recercat.cat/oai/request</request><GetRecord><record><header><identifier>oai:recercat.cat:10230/72710</identifier><datestamp>2026-03-06T11:26:41Z</datestamp><setSpec>com_2072_6</setSpec><setSpec>col_2072_452952</setSpec></header><metadata><record xmlns="http://www.loc.gov/MARC21/slim" xmlns:dcterms="http://purl.org/dc/terms/" xmlns:xsi="http://www.w3.org/2001/XMLSchema-instance" xmlns:doc="http://www.lyncode.com/xoai" xsi:schemaLocation="http://www.loc.gov/MARC21/slim http://www.loc.gov/standards/marcxml/schema/MARC21slim.xsd">
   <leader>00925njm 22002777a 4500</leader>
   <datafield ind2=" " ind1=" " tag="042">
      <subfield code="a">dc</subfield>
   </datafield>
   <datafield ind2=" " ind1=" " tag="720">
      <subfield code="a">Gómez-Zorrilla, Silvia</subfield>
      <subfield code="e">author</subfield>
   </datafield>
   <datafield ind2=" " ind1=" " tag="720">
      <subfield code="a">Sendra, Elena</subfield>
      <subfield code="e">author</subfield>
   </datafield>
   <datafield ind2=" " ind1=" " tag="720">
      <subfield code="a">Du, Juan</subfield>
      <subfield code="e">author</subfield>
   </datafield>
   <datafield ind2=" " ind1=" " tag="720">
      <subfield code="a">Espona, Mercè</subfield>
      <subfield code="e">author</subfield>
   </datafield>
   <datafield ind2=" " ind1=" " tag="720">
      <subfield code="a">Fierro Villegas, Alejandro</subfield>
      <subfield code="e">author</subfield>
   </datafield>
   <datafield ind2=" " ind1=" " tag="720">
      <subfield code="a">Siverio, Ana</subfield>
      <subfield code="e">author</subfield>
   </datafield>
   <datafield ind2=" " ind1=" " tag="720">
      <subfield code="a">Rodríguez-Alarcón, Alicia</subfield>
      <subfield code="e">author</subfield>
   </datafield>
   <datafield ind2=" " ind1=" " tag="720">
      <subfield code="a">Castañeda, Silvia</subfield>
      <subfield code="e">author</subfield>
   </datafield>
   <datafield ind2=" " ind1=" " tag="720">
      <subfield code="a">López Montesinos, Inmaculada</subfield>
      <subfield code="e">author</subfield>
   </datafield>
   <datafield ind2=" " ind1=" " tag="720">
      <subfield code="a">Plata, Cristina</subfield>
      <subfield code="e">author</subfield>
   </datafield>
   <datafield ind2=" " ind1=" " tag="720">
      <subfield code="a">Arrieta Aldea, Itziar</subfield>
      <subfield code="e">author</subfield>
   </datafield>
   <datafield ind2=" " ind1=" " tag="720">
      <subfield code="a">Soldado Folgado, Jade</subfield>
      <subfield code="e">author</subfield>
   </datafield>
   <datafield ind2=" " ind1=" " tag="720">
      <subfield code="a">Garcia Giralt, Natàlia</subfield>
      <subfield code="e">author</subfield>
   </datafield>
   <datafield ind2=" " ind1=" " tag="720">
      <subfield code="a">Vicente García, Rubén, 1978-</subfield>
      <subfield code="e">author</subfield>
   </datafield>
   <datafield ind2=" " ind1=" " tag="720">
      <subfield code="a">Güerri Fernández, Roberto</subfield>
      <subfield code="e">author</subfield>
   </datafield>
   <datafield ind2=" " ind1=" " tag="260">
      <subfield code="c">2026-03-04T17:52:35Z</subfield>
   </datafield>
   <datafield ind2=" " ind1=" " tag="260">
      <subfield code="c">2026-03-04T17:52:35Z</subfield>
   </datafield>
   <datafield ind2=" " ind1=" " tag="260">
      <subfield code="c">2025</subfield>
   </datafield>
   <datafield ind2=" " ind1=" " tag="260">
      <subfield code="c">2026-03-04T17:52:35Z</subfield>
   </datafield>
   <datafield ind2=" " ind1=" " tag="520">
      <subfield code="a">Introduction: Zinc is a trace element with a key role in immune function and has demonstrated antiviral and anti-inflammatory properties. Low plasma zinc levels have been associated with poor outcomes in COVID-19. This study aims to evaluate the efficacy and safety of zinc supplementation as an adjuvant therapy in hospitalized patients with COVID-19. Methods: A single-center, randomized, open-label clinical trial between May and December 2021. Adults hospitalized with confirmed COVID-19 requiring hospitalization were randomized 1:1 to receive standard of care (SoC) with or without oral zinc acetate (90 mg/day) for 14 days. The primary endpoint was disease progression, defined as critical care requirement (ICU admission) or death. Secondary outcomes included time to clinical recovery, hospital length of stay, WHO clinical scale improvement, inflammatory markers, antibody response, and safety. Results: Seventy-one patients were randomized (35 zinc versus 34 SoC). Disease progression occurred in 5.7 % of the zinc group versus 23.5 % in the SoC group (OR 0.21, 95 %CI = 0.03-0.96,). Mean recovery time was significantly shorter in the zinc group (7.4 ± 6.1 versus 13.1 ± 9.7 days, p = 0.006) and a trend to a faster recovery was observed in the Cox proportional hazards model in the intervention group HR of 1.670 (95 % CI: 0.948-2.942), p = 0.076. WHO scale improvement attaining a &amp;lt; 1 points at day 14 was greater in the zinc group (74.3 % versus 42.4 %, p = 0.009). Antibody levels were higher in the SoC group at days 14 and 28. No adverse events were attributed to zinc. Conclusions: Adjunctive zinc supplementation to standard of care reduced disease progression and showed a trend to accelerated clinical recovery in hospitalized COVID-19 patients, supporting the potential role of zinc in managing viral respiratory infections. Trial registration: ClinicalTrials.gov identifier, NCT05778383.</subfield>
   </datafield>
   <datafield ind2=" " ind1=" " tag="520">
      <subfield code="a">RV: Grant PID2022-136511OB-I00 funded by MICIU/AEI/10.13039/501100011033 and ERDF/EU; &amp;quot;Unidad de Excelencia María de Maeztu&amp;quot; CEX2024-001431-M, funded by MICIU/AEI/10.13039/501100011033. SG-Z: Grant FIS PI21/00509, funded by Instituto de Salud Carlos III (ISCIII), co-funded by the European Union and research grant from the Spanish Society of Infectious Diseases and Clinical Microbiology (SEIMC). RGF: FIS PI23/00456 funded by Instituto de Salud Carlos III (ISCIII), co-funded by the European Union.</subfield>
   </datafield>
   <datafield ind1="8" ind2=" " tag="024">
      <subfield code="a">https://hdl.handle.net/10230/72710</subfield>
   </datafield>
   <datafield tag="653" ind2=" " ind1=" ">
      <subfield code="a">COVID-19</subfield>
   </datafield>
   <datafield tag="653" ind2=" " ind1=" ">
      <subfield code="a">Clinical trial</subfield>
   </datafield>
   <datafield tag="653" ind2=" " ind1=" ">
      <subfield code="a">Infection</subfield>
   </datafield>
   <datafield tag="653" ind2=" " ind1=" ">
      <subfield code="a">SARS-CoV-2</subfield>
   </datafield>
   <datafield tag="653" ind2=" " ind1=" ">
      <subfield code="a">Zinc</subfield>
   </datafield>
   <datafield ind2="0" ind1="0" tag="245">
      <subfield code="a">Zinc adjuvant treatment in SARS-CoV-2: a randomized clinical trial</subfield>
   </datafield>
</record></metadata></record></GetRecord></OAI-PMH>